One Piece - Personnage possédant le "D" - Statistiques

Statistiques générales
  • Ce quiz a été pris 676 fois
  • Le résultat moyen est 10 sur 15
Statistiques - réponses
Personnages connus possédant le "D" Réponses % Correct
1 Monkey D.Luffy
100%
8 Gold D.Roger
97%
2 Monkey D.Dragon
94%
3 Monkey D.Garp
94%
10 Portgas D.Ace
94%
5 Trafalgar D. Water Law
92%
7 Marshall D.Teach
87%
9 Portgas D.Rouge
73%
11 Rocks D.Xebec
57%
4 Haguar D.Sauro
55%
6 Neferutari D.Bibi
52%
13 Nefertari D.Cobra
44%
14 Trafalgar D.Water Lamy
25%
15 Nefertari D.Titi
13%
12 Nefertari D.Lillie
8%
Aucun quiz correspondant
Distribution des résultats
% des personnes avec chaque résultat
Percentile par nombre de réponses
Votre historique - résultats
Vous n’avez pas pris ce quiz